Catalog

Record Details

Catalog Search



Quality Measures in Data Mining Cover Image E-book E-book

Quality Measures in Data Mining [electronic resource] / edited by Fabrice J. Guillet, Howard J. Hamilton.

Record details

  • ISBN: 9783540449188
  • Physical Description: XIV, 313 p. 51 illus. online resource.
  • Publisher: Berlin, Heidelberg : Springer Berlin Heidelberg, 2007.
Subject: Engineering.
Artificial intelligence.
Engineering mathematics.
Engineering.
Appl.Mathematics/Computational Methods of Engineering.
Artificial Intelligence (incl. Robotics).

Electronic resources


LDR 01613nam a22004215i 4500
00117331
003CONS
00520131218014833.0
007cr nn 008mamaa
008100301s2007 gw | s |||| 0|eng d
020 . ‡a9783540449188 ‡9978-3-540-44918-8
0247 . ‡a10.1007/978-3-540-44918-8 ‡2doi
035 . ‡a(DE-He213)978-3-540-44918-8
050 4. ‡aTA329-348
050 4. ‡aTA640-643
072 7. ‡aTBJ ‡2bicssc
072 7. ‡aMAT003000 ‡2bisacsh
1001 . ‡aGuillet, Fabrice J. ‡eeditor.
24510. ‡aQuality Measures in Data Mining ‡h[electronic resource] / ‡cedited by Fabrice J. Guillet, Howard J. Hamilton.
264 1. ‡aBerlin, Heidelberg : ‡bSpringer Berlin Heidelberg, ‡c2007.
300 . ‡aXIV, 313 p. 51 illus. ‡bonline resource.
336 . ‡atext ‡btxt ‡2rdacontent
337 . ‡acomputer ‡bc ‡2rdamedia
338 . ‡aonline resource ‡bcr ‡2rdacarrier
347 . ‡atext file ‡bPDF ‡2rda
4901 . ‡aStudies in Computational Intelligence, ‡x1860-949X ; ‡v43
650 0. ‡aEngineering.
650 0. ‡aArtificial intelligence.
650 0. ‡aEngineering mathematics.
65014. ‡aEngineering.
65024. ‡aAppl.Mathematics/Computational Methods of Engineering.
65024. ‡aArtificial Intelligence (incl. Robotics).
7001 . ‡aHamilton, Howard J. ‡eeditor.
7102 . ‡aSpringerLink (Online service)
7730 . ‡tSpringer eBooks
77608. ‡iPrinted edition: ‡z9783540449119
830 0. ‡aStudies in Computational Intelligence, ‡x1860-949X ; ‡v43
85640. ‡uhttp://biblioteca.ipicyt.edu.mx:2048/login?url=http://dx.doi.org/10.1007/978-3-540-44918-8 ‡yTexto completo ‡9CONS
950 . ‡aEngineering (Springer-11647)
901 . ‡a17331 ‡b ‡c17331 ‡tbiblio ‡sSystem Local

Additional Resources